[Event "EU-chT U18"]
[Site "Terme Catez"]
[Date "2025.07.08"]
[Round "4.4"]
[White "Craciun, Sasha Matei"]
[Black "Grgantov, Marin"]
[Result "1/2-1/2"]
[WhiteElo "2320"]
[BlackElo "2191"]
[PlyCount "62"]
[EventDate "2025.07.05"]
[EventType "team-swiss"]
[EventRounds "7"]
[EventCountry "SLO"]
[SourceTitle "CB29_2025"]
[SourceDate "2025.07.16"]
[SourceVersion "1"]
[SourceVersionDate "2025.07.16"]
[SourceQuality "1"]
[WhiteTeam "Romania"]
[BlackTeam "Croatia"]
[WhiteTeamCountry "ROU"]
[BlackTeamCountry "CRO"]

1. e4 e5 2. Nf3 Nc6 3. Bb5 Nf6 4. 0-0 Nxe4 5. Re1 Nd6 6. Nxe5 Be7 7. Bf1 Nf5 8. Nf3 0-0 9. d4 d5 10. c3 Bd6 11. Bd3 Re8 12. Rxe8+ Qxe8 13. Nbd2 Bd7 14. Qc2 Qe6 15. Nf1 g6 16. Bg5 f6 17. Bd2 Qf7 18. Re1 Rd8 19. h3 Bc8 20. N1h2 Re8 21. Rxe8+ Qxe8 22. Ng4 Kg7 23. Bc1 Nce7 24. Bd2 Nc6 25. Qc1 Qe6 26. Qd1 Qe8 27. Qa4 Qe6 28. Qd1 Qe8 29. Qc1 Qe6 30. Bf4 Nce7 31. Bd2 Nc6 1/2-1/2

[Event "Bosnjaci op 29th"]
[Site "Bosnjaci"]
[Date "2025.01.06"]
[Round "6"]
[White "Grgantov, Marin"]
[Black "Fridl, Miroslav"]
[Result "1-0"]
[WhiteElo "2191"]
[BlackElo "1992"]
[PlyCount "119"]
[EventDate "2025.01.03"]
[EventType "swiss"]
[EventRounds "9"]
[EventCountry "CRO"]
[SourceTitle "CB03_2025"]
[SourceDate "2025.01.15"]
[SourceVersion "1"]
[SourceVersionDate "2025.01.15"]
[SourceQuality "1"]

1. e4 c5 2. Nf3 d6 3. d4 cxd4 4. Nxd4 Nf6 5. Nc3 a6 6. Be3 e5 7. Nf3 h6 8. Bc4 Be7 9. 0-0 0-0 10. Nh4 Nc6 11. Ng6 Na5 12. Nxe7+ Qxe7 13. Nd5 Nxd5 14. Bxd5 Be6 15. b3 Rac8 16. c4 Nc6 17. Qd2 Nb8 18. Rad1 Bxd5 19. Qxd5 Rc6 20. f4 Nd7 21. f5 Nf6 22. Qd3 Rfc8 23. Bf2 Nh7 24. a4 b6 25. Be1 a5 26. Rf3 f6 27. Qd2 Ng5 28. Re3 Kf8 29. h4 Nf7 30. Rg3 Nd8 31. Bf2 Qf7 32. Rg6 Nb7 33. Be3 Ke7 34. Kf1 Rf8 35. Ke2 Kd7 36. Qe1 Qe7 37. Rd5 Nc5 38. Bxc5 Rxc5 39. Rd3 Rf7 40. Qd1 Kc7 41. Kf2 Qd7 42. g4 Rc6 43. g5 hxg5 44. hxg5 Qe7 45. Rg3 Kb8 46. Qd5 Rc8 47. gxf6 gxf6 48. Rg8 Rxg8 49. Rxg8+ Rf8 50. Qe6 Qd8 51. Rg7 b5 52. Kf3 bxa4 53. c5 Re8 54. Qf7 Re7 55. Qxe7 Qxe7 56. Rxe7 axb3 57. c6 Kc8 58. Ke3 a4 59. Rb7 b2 60. Rxb2 1-0

[Event "Hvar Arsenal op 3rd"]
[Site "Hvar"]
[Date "2024.10.18"]
[Round "7"]
[White "Nissinen, Niilo Man"]
[Black "Grgantov, Marin"]
[Result "1/2-1/2"]
[WhiteElo "2204"]
[BlackElo "2072"]
[PlyCount "80"]
[EventDate "2024.10.14"]
[EventType "swiss"]
[EventRounds "9"]
[EventCountry "CRO"]
[SourceTitle "CB43_2024"]
[Source "Chessbase"]
[SourceDate "2024.10.23"]
[SourceVersion "1"]
[SourceVersionDate "2024.10.23"]
[SourceQuality "1"]

1. e4 e5 2. Nf3 Nc6 3. Bb5 Nf6 4. 0-0 Nxe4 5. Re1 Nd6 6. Nxe5 Nxe5 7. Rxe5+ Be7 8. Bf1 0-0 9. d4 Bf6 10. Re1 Ne8 11. d5 d6 12. Bd3 g6 13. Nc3 Ng7 14. Ne4 Be7 15. b3 f5 16. Nd2 Bf6 17. Rb1 Bd7 18. f4 Bc3 19. Re2 Qf6 20. Nf3 Rae8 21. Bd2 Rxe2 22. Qxe2 Re8 23. Qf2 b6 24. Bxc3 Qxc3 25. Nd4 Qc5 26. Nb5 Qxf2+ 27. Kxf2 Bxb5 28. Bxb5 Re7 29. Be2 Ne8 30. Bf3 Nf6 31. Re1 Kf7 32. Rxe7+ Kxe7 33. b4 Nd7 34. Ke3 Kf6 35. Be2 h6 36. h4 Nf8 37. Kd4 g5 38. hxg5+ hxg5 39. g3 Ng6 40. Ke3 gxf4+ 1/2-1/2

[Event "EU-ch U18"]
[Site "Prague"]
[Date "2024.08.24"]
[Round "3"]
[White "Szikszai, Bertalan"]
[Black "Grgantov, Marin"]
[Result "0-1"]
[WhiteElo "2278"]
[BlackElo "2110"]
[PlyCount "190"]
[EventDate "2024.08.22"]
[EventType "swiss"]
[EventRounds "9"]
[EventCountry "CZE"]
[SourceTitle "CBM 221 Extra"]
[Source "ChessBase"]
[SourceDate "2024.09.30"]
[SourceVersion "1"]
[SourceVersionDate "2024.09.30"]
[SourceQuality "1"]

1. e4 e5 2. Nf3 Nc6 3. Bc4 Bc5 4. d3 Nf6 5. 0-0 d6 6. c3 0-0 7. Nbd2 a5 8. Re1 Be6 9. Bb5 Ba7 10. Nf1 Ne7 11. d4 c6 12. Bd3 Ng6 13. Ng3 Re8 14. h3 h6 15. Qc2 Qc7 16. Be3 b5 17. a4 Rab8 18. Nf5 bxa4 19. Qd2 Bxf5 20. exf5 Nf8 21. dxe5 Bxe3 22. Qxe3 dxe5 23. Rxa4 Rxb2 24. Be4 N8d7 25. Rea1 Ra8 26. Rc4 Ra6 27. Qd3 Qb6 28. Qf1 Nxe4 29. Rxe4 Qb5 30. Qd1 Qc5 31. Re3 Ra7 32. Qa4 Nb6 33. Qg4 f6 34. Rd1 Rd7 35. Rxd7 Nxd7 36. Nh4 Nf8 37. Rg3 Qxf2+ 38. Kh2 Rb7 39. Qc4+ Rf7 40. Qxc6 Qf4 41. Ng6 Qxf5 42. Nxf8 Rxf8 43. Qc7 Rf7 44. Qxa5 Qf4 45. Qd8+ Kh7 46. Qe8 Qc4 47. Rg4 Qc7 48. Qe6 e4+ 49. Rg3 f5 50. c4 Rf6 51. Qe8 Qxc4 52. h4 Qf7 53. Qe5 Qe6 54. Qf4 Qd6 55. Qxd6 Rxd6 56. h5 Rd3 57. Rg6 e3 58. Re6 f4 59. Re4 Rd1 60. Kh3 Rg1 61. Re8 Rf1 62. Kg4 Rf2 63. g3 fxg3 64. Kxg3 Re2 65. Kh3 Re1 66. Kg2 e2 67. Re5 Ra1 68. Kf2 Ra2 69. Ke1 Kg8 70. Rxe2 Ra1+ 71. Kf2 Ra5 72. Kg3 Rxh5 73. Re7 Ra5 74. Kg4 Kh7 75. Rb7 h5+ 76. Kh4 Kh6 77. Rb6+ g6 78. Rc6 Ra4+ 79. Kh3 h4 80. Rb6 Kh5 81. Rb5+ g5 82. Rb8 Ra3+ 83. Kh2 Rf3 84. Ra8 Rf2+ 85. Kg1 Rb2 86. Ra4 h3 87. Kh1 g4 88. Ra5+ Kh4 89. Ra4 Re2 90. Kg1 Kg3 91. Ra3+ Kf4 92. Ra4+ Kf3 93. Ra3+ Re3 94. Ra8 Re1+ 95. Kh2 g3+ 0-1

[Event "Split op 13th"]
[Site "Split"]
[Date "2024.08.10"]
[Round "9"]
[White "Walden, Andrew1"]
[Black "Grgantov, Marin"]
[Result "0-1"]
[WhiteElo "1963"]
[BlackElo "2110"]
[PlyCount "150"]
[EventDate "2024.08.03"]
[EventType "swiss"]
[EventRounds "10"]
[EventCountry "CRO"]
[SourceTitle "CBM 221 Extra"]
[Source "ChessBase"]
[SourceDate "2024.09.30"]
[SourceVersion "1"]
[SourceVersionDate "2024.09.30"]
[SourceQuality "1"]

1. Nf3 Nf6 2. g3 d5 3. Bg2 c6 4. 0-0 Bg4 5. c4 e6 6. h3 Bh5 7. d4 Nbd7 8. cxd5 cxd5 9. Nc3 Bd6 10. Qb3 Qb6 11. Qxb6 Nxb6 12. Ne5 0-0 13. g4 Bg6 14. Nxg6 hxg6 15. b3 Rac8 16. Bb2 Rc6 17. Rfc1 Rfc8 18. Nb5 Bb8 19. Rxc6 bxc6 20. Nc3 Bd6 21. Rc1 Kf8 22. e3 Ke7 23. Kf1 g5 24. Ke2 Kd7 25. f3 a5 26. e4 Bf4 27. Rc2 Ra8 28. Kd3 a4 29. Ne2 Bc7 30. Bc1 Nh7 31. Kc3 axb3 32. axb3 f6 33. Be3 Nf8 34. Nc1 Ng6 35. Nd3 Bf4 36. Bf2 Kd6 37. Kb2 Nd7 38. Bf1 Rb8 39. Be1 Be3 40. Bb4+ Rxb4 41. Nxb4 Bxd4+ 42. Kb1 c5 43. Nd3 Nde5 44. Ne1 Nh4 45. Be2 Bf2 46. Nd3 Nxd3 47. Bxd3 Bd4 48. exd5 exd5 49. Be2 Ke5 50. Ra2 Kf4 51. Ra7 Ke3 52. Bd1 Kd2 53. Bc2 Nxf3 54. Rd7 Kc3 55. Rxd5 Ng1 56. Rd7 Nxh3 57. Bf5 Kxb3 58. Rxg7 Kc3 59. Ra7 Nf2 60. Ra3+ Kd2 61. Be6 Ne4 62. Rh3 Nd6 63. Rh2+ Ke3 64. Kc2 Ne4 65. Bd5 Kf4 66. Be6 Kg3 67. Re2 Nd6 68. Kd3 Kf4 69. Bd7 Nf7 70. Bf5 Ne5+ 71. Kd2 Nxg4 72. Bd3 Nf2 73. Bc4 g4 74. Ke1 g3 75. Kf1 Nd1 0-1

[Event "Split rapid op 6th"]
[Site "Split"]
[Date "2024.08.08"]
[Round "1"]
[White "Grgantov, Marin"]
[Black "Mihic, Adam"]
[Result "1-0"]
[WhiteElo "2216"]
[BlackElo "1761"]
[PlyCount "55"]
[EventDate "2024.08.08"]
[EventType "swiss (rapid)"]
[EventRounds "7"]
[EventCountry "CRO"]
[SourceTitle "CBM 221 Extra"]
[Source "ChessBase"]
[SourceDate "2024.09.30"]
[SourceVersion "1"]
[SourceVersionDate "2024.09.30"]
[SourceQuality "1"]

1. e4 e5 2. Nf3 Nc6 3. d4 exd4 4. Bc4 Bc5 5. c3 Nf6 6. cxd4 Bb4+ 7. Bd2 Bxd2+ 8. Nbxd2 d5 9. exd5 Nxd5 10. Qb3 Nce7 11. 0-0 0-0 12. Rfe1 Nb6 13. Bd3 Nc6 14. Rac1 Be6 15. Qc3 h6 16. Ne4 Nd5 17. Qc5 Nf4 18. Bb1 Qd5 19. Qc2 Ng6 20. Nc3 Qa5 21. Rxe6 fxe6 22. Qxg6 Rf6 23. Qh7+ Kf7 24. Ne4 Rf4 25. Nc5 Rf6 26. Nd7 Rf4 27. Nde5+ Nxe5 28. Nxe5+ 1-0

[Event "Split rapid op 6th"]
[Site "Split"]
[Date "2024.08.08"]
[Round "7"]
[White "Grgantov, Marin"]
[Black "Rogic, Davor"]
[Result "0-1"]
[WhiteElo "2216"]
[BlackElo "2501"]
[PlyCount "56"]
[EventDate "2024.08.08"]
[EventType "swiss (rapid)"]
[EventRounds "7"]
[EventCountry "CRO"]
[SourceTitle "CBM 221 Extra"]
[Source "ChessBase"]
[SourceDate "2024.09.30"]
[SourceVersion "1"]
[SourceVersionDate "2024.09.30"]
[SourceQuality "1"]

1. e4 e5 2. Nf3 Nc6 3. Nc3 Nf6 4. Bb5 Bb4 5. 0-0 0-0 6. d3 d6 7. Bg5 Bxc3 8. bxc3 Qe7 9. Re1 Nd8 10. d4 Ne6 11. Bd2 c6 12. Bd3 Nd7 13. a4 a5 14. Rb1 Re8 15. Qc1 h6 16. g3 Qf6 17. Nh4 exd4 18. cxd4 Nxd4 19. c3 Nc5 20. Bc4 Nde6 21. Qc2 Ng5 22. Be3 Be6 23. Bxc5 Bxc4 24. Bd4 Nf3+ 25. Nxf3 Qxf3 26. Rxb7 c5 27. Be3 Rxe4 28. Qd1 Rxe3 0-1

[Event "Split rapid op 6th"]
[Site "Split"]
[Date "2024.08.08"]
[Round "4"]
[White "Guillaume, Marvin"]
[Black "Grgantov, Marin"]
[Result "0-1"]
[WhiteElo "1900"]
[BlackElo "2216"]
[PlyCount "58"]
[EventDate "2024.08.08"]
[EventType "swiss (rapid)"]
[EventRounds "7"]
[EventCountry "CRO"]
[SourceTitle "CBM 221 Extra"]
[Source "ChessBase"]
[SourceDate "2024.09.30"]
[SourceVersion "1"]
[SourceVersionDate "2024.09.30"]
[SourceQuality "1"]

1. d4 Nf6 2. c4 e6 3. Nf3 d5 4. g3 dxc4 5. Bg2 Nc6 6. 0-0 Rb8 7. e3 b5 8. a4 a6 9. axb5 axb5 10. b3 cxb3 11. Qxb3 Be7 12. Na3 Rb6 13. Ne5 Nxe5 14. dxe5 Nd7 15. Rd1 0-0 16. Bb2 c6 17. Rac1 Qc7 18. f4 Nc5 19. Qc2 Na4 20. Bd4 Bxa3 21. Bxb6 Qxb6 22. Ra1 Qxe3+ 23. Kh1 Be7 24. Bxc6 Qc5 25. Qe4 Nc3 26. Qc2 Qxc6+ 27. Rd5 Qxd5+ 28. Kg1 Bc5+ 29. Kf1 Qh1# 0-1

[Event "Split op 13th"]
[Site "Split"]
[Date "2024.08.07"]
[Round "6"]
[White "Foglia, Maurizio"]
[Black "Grgantov, Marin"]
[Result "1/2-1/2"]
[WhiteElo "1980"]
[BlackElo "2110"]
[PlyCount "65"]
[EventDate "2024.08.03"]
[EventType "swiss"]
[EventRounds "10"]
[EventCountry "CRO"]
[SourceTitle "CBM 221 Extra"]
[Source "ChessBase"]
[SourceDate "2024.09.30"]
[SourceVersion "1"]
[SourceVersionDate "2024.09.30"]
[SourceQuality "1"]

1. d4 Nf6 2. Bg5 d5 3. Bxf6 exf6 4. e3 Bd6 5. c4 dxc4 6. Bxc4 0-0 7. Nc3 f5 8. Nge2 Nd7 9. 0-0 Nf6 10. h3 a6 11. a4 b6 12. Qc2 g6 13. d5 Bb7 14. Rfd1 Qe7 15. g3 Rfe8 16. Nf4 h5 17. Ng2 Red8 18. h4 Rd7 19. Nf4 Bxf4 20. exf4 Qc5 21. Qb3 Rad8 22. Rac1 Nxd5 23. Nxd5 Bxd5 24. Bxd5 Rxd5 25. Rxc5 Rxd1+ 26. Kg2 bxc5 27. Qb7 Rb1 28. Qxc7 Rd2 29. Qb8+ Kg7 30. Qe5+ Kh7 31. Qe7 Kg8 32. Qe8+ Kg7 33. Qe5+ 1/2-1/2

[Event "CRO-ch U17"]
[Site "Split"]
[Date "2024.07.25"]
[Round "6"]
[White "Grgantov, Marin"]
[Black "Mrkic, Simun"]
[Result "1/2-1/2"]
[WhiteElo "2155"]
[BlackElo "1915"]
[PlyCount "53"]
[EventDate "2024.07.22"]
[EventType "swiss"]
[EventRounds "9"]
[EventCountry "CRO"]
[SourceTitle "CBM 221 Extra"]
[Source "ChessBase"]
[SourceDate "2024.09.30"]
[SourceVersion "1"]
[SourceVersionDate "2024.09.30"]
[SourceQuality "1"]

1. e4 g6 2. d4 Bg7 3. Nc3 d6 4. Be3 a6 5. h4 Nf6 6. f3 b5 7. Qd2 Bb7 8. g4 h5 9. g5 Nfd7 10. 0-0-0 Nb6 11. Nh3 c6 12. f4 N8d7 13. f5 Qc7 14. Nf4 Nf8 15. Bh3 Nc4 16. Qe2 Qa5 17. fxg6 Nxg6 18. Nxg6 Qb4 19. Rd3 fxg6 20. Nd1 c5 21. c3 Qa5 22. dxc5 Qxa2 23. Bd4 e5 24. Bg1 Qa1+ 25. Kc2 Qa4+ 26. Kc1 Qa1+ 27. Kc2 1/2-1/2

[Event "Solta op 7th"]
[Site "Grohote"]
[Date "2024.07.03"]
[Round "5"]
[White "Grgantov, Marin"]
[Black "Sisic, Muhamed"]
[Result "0-1"]
[WhiteElo "2077"]
[BlackElo "2071"]
[PlyCount "68"]
[EventDate "2024.06.29"]
[EventType "swiss"]
[EventRounds "9"]
[EventCountry "CRO"]
[SourceTitle "CBM 221 Extra"]
[Source "ChessBase"]
[SourceDate "2024.09.30"]
[SourceVersion "1"]
[SourceVersionDate "2024.09.30"]
[SourceQuality "1"]

1. e4 c6 2. c4 d5 3. cxd5 cxd5 4. exd5 Nf6 5. Nc3 Nxd5 6. Nf3 Nc6 7. Bb5 e6 8. 0-0 Be7 9. d4 0-0 10. Re1 Nxc3 11. bxc3 Bd7 12. Qe2 Re8 13. Bd3 g6 14. Rb1 Qc7 15. Ng5 Nd8 16. Nxh7 Qxc3 17. Bb2 Qa5 18. d5 Qxd5 19. Nf6+ Bxf6 20. Bxf6 e5 21. Rb4 Qd6 22. Qf3 Re6 23. Bxd8 Qxb4 24. Re4 Bc6 25. Rxb4 Bxf3 26. Bg5 Bd5 27. h3 Rc8 28. Bd2 Rd6 29. Bf1 Bxg2 30. Bxg2 Rxd2 31. Bxb7 Rc1+ 32. Kg2 Rcc2 33. Ra4 Kg7 34. Rxa7 Rc7 0-1

[Event "Pula op 36th"]
[Site "Pula"]
[Date "2024.06.23"]
[Round "8"]
[White "Stevanic, David"]
[Black "Grgantov, Marin"]
[Result "1-0"]
[WhiteElo "2334"]
[BlackElo "2077"]
[PlyCount "43"]
[EventDate "2024.06.16"]
[EventType "swiss"]
[EventRounds "9"]
[EventCountry "CRO"]
[SourceTitle "CBM 220 Extra"]
[Source "ChessBase"]
[SourceDate "2024.07.31"]
[SourceVersion "1"]
[SourceVersionDate "2024.07.31"]
[SourceQuality "1"]

1. e4 c5 2. c3 d5 3. exd5 Qxd5 4. d4 Nc6 5. Nf3 Bg4 6. dxc5 Qxd1+ 7. Kxd1 Nf6 8. Nbd2 e6 9. Nb3 e5 10. Ke1 a5 11. Be3 a4 12. Nbd2 Nd5 13. Bb5 f6 14. Ne4 Bxf3 15. gxf3 f5 16. Nd6+ Bxd6 17. cxd6 Nxe3 18. fxe3 Kd7 19. Rd1 Ra5 20. Rd5 Ke6 21. e4 Na7 22. Bd7+ 1-0

[Event "Pula op 36th"]
[Site "Pula"]
[Date "2024.06.19"]
[Round "4"]
[White "Grgantov, Marin"]
[Black "Bratovic, Blaz"]
[Result "0-1"]
[WhiteElo "2077"]
[BlackElo "2335"]
[PlyCount "58"]
[EventDate "2024.06.16"]
[EventType "swiss"]
[EventRounds "9"]
[EventCountry "CRO"]
[SourceTitle "CBM 220 Extra"]
[Source "ChessBase"]
[SourceDate "2024.07.31"]
[SourceVersion "1"]
[SourceVersionDate "2024.07.31"]
[SourceQuality "1"]

1. e4 c6 2. d4 d5 3. e5 Bf5 4. h4 a6 5. g4 Bd7 6. h5 c5 7. c3 Nc6 8. f3 Qb6 9. Ne2 0-0-0 10. Qc2 f6 11. Be3 cxd4 12. Bxd4 Qc7 13. exf6 Nxd4 14. Nxd4 gxf6 15. Bd3 Nh6 16. Rg1 e5 17. Nf5 e4 18. fxe4 dxe4 19. Bxe4 Bc5 20. Rg2 Nxf5 21. gxf5 Qf4 22. Nd2 Qh4+ 23. Ke2 Qxh5+ 24. Nf3 Rhe8 25. Kf1 Rxe4 26. Qxe4 Bb5+ 27. c4 Re8 28. Rg8 Bxc4+ 29. Qxc4 Qxf3# 0-1

[Event "Pula op 36th"]
[Site "Pula"]
[Date "2024.06.18"]
[Round "3"]
[White "Grgantov, Marin"]
[Black "Rubil, Marko"]
[Result "1-0"]
[WhiteElo "2077"]
[BlackElo "2276"]
[PlyCount "127"]
[EventDate "2024.06.16"]
[EventType "swiss"]
[EventRounds "9"]
[EventCountry "CRO"]
[SourceTitle "CBM 220 Extra"]
[Source "ChessBase"]
[SourceDate "2024.07.31"]
[SourceVersion "1"]
[SourceVersionDate "2024.07.31"]
[SourceQuality "1"]

1. e4 e5 2. Nc3 Nc6 3. Bc4 Bc5 4. Qg4 Kf8 5. Qf3 Nf6 6. Nge2 d6 7. h3 Na5 8. d3 Nxc4 9. dxc4 Be6 10. b3 c6 11. 0-0 h6 12. Rd1 Qe7 13. Rd3 Kg8 14. Be3 Kh7 15. Rad1 Bb4 16. g4 Ne8 17. Qg3 g5 18. c5 f6 19. cxd6 Nxd6 20. f3 h5 21. Qf2 hxg4 22. fxg4 Kg6 23. Bc5 Bxc5 24. Qxc5 Nc8 25. Na4 Qc7 26. Qf2 b6 27. Kg2 Qe7 28. Ng3 Rb8 29. Nh5 Rb7 30. Rf3 Rf8 31. Rf1 Bg8 32. Rxf6+ Rxf6 33. Qxf6+ Qxf6 34. Rxf6+ Kh7 35. Rxc6 Ne7 36. Rd6 Rc7 37. Nf6+ Kh8 38. c4 Ng6 39. Rd8 Nf4+ 40. Kh2 Rg7 41. c5 bxc5 42. Nxc5 Rg6 43. Rxg8+ Rxg8 44. Nxg8 Kxg8 45. Kg3 Ne2+ 46. Kf2 Nf4 47. Ke3 Kf7 48. Nd3 Nxh3 49. Nxe5+ Kf6 50. Nc6 a6 51. Nb4 Nf4 52. Nxa6 Ke5 53. Nc5 Ng2+ 54. Kf2 Nf4 55. a4 Kd4 56. b4 Kc4 57. a5 Kb5 58. Kf3 Ng6 59. Nd3 Ne7 60. e5 Kc4 61. Ke4 Nc6 62. e6 Ne7 63. a6 Nc8 64. e7 1-0

[Event "CRO-chT U20"]
[Site "Novalja"]
[Date "2024.04.02"]
[Round "2"]
[White "Grgantov, Marin"]
[Black "Sundac, Ivano"]
[Result "1-0"]
[WhiteElo "2142"]
[BlackElo "2066"]
[PlyCount "118"]
[EventDate "2024.04.02"]
[EventType "swiss"]
[EventRounds "8"]
[EventCountry "CRO"]
[SourceTitle "EXT 2025"]
[Source "ChessBase"]
[SourceDate "2024.10.14"]
[SourceVersion "1"]
[SourceVersionDate "2024.10.14"]
[SourceQuality "1"]

1. e4 c5 2. Nf3 a6 3. c3 d5 4. exd5 Qxd5 5. Na3 Bg4 6. Be2 Nc6 7. 0-0 Nf6 8. h3 Bh5 9. g4 Bg6 10. Nc4 Rd8 11. d4 e6 12. Bf4 Qe4 13. Bc7 Rd7 14. Bg3 cxd4 15. Nfd2 Qc2 16. Qxc2 Bxc2 17. Nb6 Rd8 18. Bc7 Bc5 19. Bxd8 Kxd8 20. Rfc1 dxc3 21. Rxc2 Nd4 22. Rd1 Nxc2 23. Na4 Nd4 24. Nxc3 Nxe2+ 25. Nxe2 Ke7 26. Nb3 Bb6 27. Nc3 Rc8 28. Kg2 Rc4 29. f3 Bc7 30. Rd2 Be5 31. Ne2 Nd5 32. Kf2 b6 33. Nbd4 Nf4 34. h4 b5 35. Nb3 Nxe2 36. Rxe2 Bc7 37. Rd2 h5 38. gxh5 Rxh4 39. Kf1 Rxh5 40. Nd4 Rh1+ 41. Ke2 Rh2+ 42. Kd3 Rxd2+ 43. Kxd2 Kd7 44. b3 Bb6 45. Ne2 Kd6 46. Kd3 Ke5 47. Nc3 f5 48. a4 bxa4 49. Nxa4 Ba7 50. Nb2 Kf4 51. Ke2 g5 52. Nd3+ Kg3 53. b4 g4 54. fxg4 fxg4 55. Nc5 e5 56. Nxa6 Kh3 57. Nc7 g3 58. Ne6 g2 59. Nf4+ Kg3 1-0

[Event "Bosnjaci op 28th"]
[Site "Bosnjaci"]
[Date "2024.01.06"]
[Round "5"]
[White "Vidovic, Sasa"]
[Black "Grgantov, Marin"]
[Result "0-1"]
[WhiteElo "2176"]
[BlackElo "1973"]
[PlyCount "78"]
[EventDate "2024.01.03"]
[EventType "swiss"]
[EventRounds "9"]
[EventCountry "CRO"]
[SourceTitle "CBM 218 Extra"]
[Source "ChessBase"]
[SourceDate "2024.03.31"]
[SourceVersion "1"]
[SourceVersionDate "2024.03.31"]
[SourceQuality "1"]

1. b3 b6 2. Bb2 Bb7 3. e3 e6 4. f4 Nf6 5. Nf3 d5 6. Bb5+ c6 7. Bd3 Bd6 8. 0-0 Nbd7 9. Qe1 0-0 10. Qg3 g6 11. Qh3 Qe7 12. Ng5 e5 13. Nc3 Bc8 14. Qh6 Re8 15. fxe5 Bxe5 16. Na4 Nf8 17. h3 Bxb2 18. Nxb2 Qe5 19. c3 Re7 20. Rf2 Ne6 21. Nxe6 Bxe6 22. Raf1 Ne4 23. Bxe4 dxe4 24. Qh4 Rd7 25. Nc4 Bxc4 26. bxc4 Re8 27. Rf6 Re6 28. R6f4 Ree7 29. R1f2 Qe6 30. c5 Qxa2 31. cxb6 axb6 32. d4 Qb1+ 33. Kh2 Qd3 34. Qg3 Re8 35. h4 Qxc3 36. h5 Qa5 37. Rf5 Rd5 38. Rxf7 Rxh5+ 39. Kg1 Qe1+ 0-1

[Event "EU-ch Blitz"]
[Site "Zagreb"]
[Date "2023.12.16"]
[Round "2"]
[White "Sebenik, Matej"]
[Black "Grgantov, Marin"]
[Result "1-0"]
[WhiteElo "2534"]
[BlackElo "1973"]
[PlyCount "85"]
[EventDate "2023.12.16"]
[EventType "swiss (blitz)"]
[EventRounds "13"]
[EventCountry "CRO"]
[SourceTitle "CBM 217 Extra"]
[Source "ChessBase"]
[SourceDate "2024.01.31"]
[SourceVersion "1"]
[SourceVersionDate "2024.01.31"]
[SourceQuality "1"]

1. c4 e5 2. Nc3 Nc6 3. g3 f5 4. Nf3 Nf6 5. d4 e4 6. Nh4 d5 7. Bg5 Bb4 8. e3 Be6 9. cxd5 Qxd5 10. Bxf6 gxf6 11. Bh3 0-0-0 12. 0-0 Bxc3 13. bxc3 Na5 14. Qh5 Nc4 15. Bxf5 Bxf5 16. Qxf5+ Qxf5 17. Nxf5 Kd7 18. Nh4 Ke6 19. f3 exf3 20. Rxf3 Rd5 21. e4 Ra5 22. Raf1 Rf8 23. e5 Ke7 24. exf6+ Kd7 25. R1f2 Ra3 26. Re2 Rf7 27. g4 h6 28. Ng6 b5 29. h4 a5 30. g5 hxg5 31. hxg5 b4 32. Re7+ Rxe7 33. Nxe7 Rxc3 34. Rf2 Rc1+ 35. Kh2 Nd6 36. g6 a4 37. g7 b3 38. axb3 axb3 39. g8Q Rc2 40. Rxc2 bxc2 41. Qg4+ Kd8 42. Qf4 Ke8 43. Nd5 1-0

[Event "Hvar Arsenal blitz op 2nd"]
[Site "Hvar"]
[Date "2023.10.19"]
[Round "8"]
[White "Bratovic, Blaz"]
[Black "Grgantov, Marin"]
[Result "1/2-1/2"]
[WhiteElo "2360"]
[BlackElo "2213"]
[PlyCount "111"]
[EventDate "2023.10.19"]
[EventType "swiss (blitz)"]
[EventRounds "11"]
[EventCountry "CRO"]
[SourceTitle "CBM 216 Extra"]
[Source "ChessBase"]
[SourceDate "2023.11.30"]
[SourceVersion "1"]
[SourceVersionDate "2023.11.30"]
[SourceQuality "1"]

1. Nf3 d5 2. c4 e6 3. g3 f5 4. Bg2 Nf6 5. 0-0 c6 6. d3 Bc5 7. Nbd2 0-0 8. Qc2 Nbd7 9. e4 Bb6 10. b4 fxe4 11. dxe4 Ng4 12. Bb2 Qe7 13. c5 Bc7 14. Rae1 Qf7 15. h3 Ngf6 16. e5 Ne8 17. Ng5 Qf5 18. Qxf5 Rxf5 19. f4 Nb8 20. h4 h6 21. Ngf3 Rf8 22. Nd4 a5 23. b5 Bd7 24. b6 Bd8 25. Bh3 Kf7 26. a4 Be7 27. N2b3 Na6 28. f5 Kg8 29. fxe6 Rxf1+ 30. Rxf1 Bc8 31. Ba3 g6 32. h5 gxh5 33. Nf5 Bg5 34. Nd6 Ng7 35. Nxc8 Rxc8 36. Rf7 Rb8 37. Rd7 Kf8 38. Kg2 h4 39. Rf7+ Kg8 40. Nd4 Be3 41. Rxg7+ Kxg7 42. Nf5+ Kf8 43. Nxe3 d4 44. Nf5 d3 45. Kf3 Nb4 46. Ke3 Nc2+ 47. Kxd3 Nxa3 48. Kc3 Nb1+ 49. Kc2 Na3+ 50. Kb3 Nb1 51. gxh4 Nd2+ 52. Kc2 Ne4 53. Bg4 Nxc5 54. e7+ Ke8 55. Bh5+ Kd7 56. e8Q+ 1/2-1/2

[Event "Hvar op"]
[Site "Hvar"]
[Date "2023.10.16"]
[Round "3"]
[White "Grgantov, Marin"]
[Black "Khallouf, Abdallah"]
[Result "1/2-1/2"]
[WhiteElo "2159"]
[BlackElo "1866"]
[PlyCount "28"]
[EventDate "2023.10.15"]
[EventType "swiss"]
[EventRounds "9"]
[EventCountry "CRO"]
[SourceTitle "CBM 216 Extra"]
[Source "ChessBase"]
[SourceDate "2023.11.30"]
[SourceVersion "1"]
[SourceVersionDate "2023.11.30"]
[SourceQuality "1"]

1. e4 c6 2. d4 d5 3. e5 c5 4. dxc5 e6 5. Nf3 Bxc5 6. a3 f6 7. b4 Be7 8. Bb2 a5 9. b5 Nd7 10. c4 Nxe5 11. Nxe5 fxe5 12. cxd5 Qxd5 13. Qxd5 exd5 14. Bxe5 Nf6 1/2-1/2

[Event "Hvar op"]
[Site "Hvar"]
[Date "2023.10.15"]
[Round "1"]
[White "Grgantov, Marin"]
[Black "Tepe, Mario"]
[Result "1-0"]
[WhiteElo "2159"]
[BlackElo "1656"]
[PlyCount "59"]
[EventDate "2023.10.15"]
[EventType "swiss"]
[EventRounds "9"]
[EventCountry "CRO"]
[SourceTitle "CBM 216 Extra"]
[Source "ChessBase"]
[SourceDate "2023.11.30"]
[SourceVersion "1"]
[SourceVersionDate "2023.11.30"]
[SourceQuality "1"]

1. e4 e5 2. Nf3 Nc6 3. d4 exd4 4. Bc4 Nf6 5. e5 d5 6. Bb5 Ne4 7. Nxd4 Bc5 8. Be3 Bxd4 9. Qxd4 0-0 10. Bxc6 bxc6 11. Nc3 Ng5 12. 0-0-0 Bf5 13. Qf4 Bxc2 14. Kxc2 Ne6 15. Qa4 Qe8 16. f4 f6 17. exf6 Qg6+ 18. Kc1 Qxf6 19. Qxc6 Rab8 20. Rd2 Rfe8 21. Nxd5 Qf7 22. g3 Red8 23. Rhd1 Rd6 24. Qc4 Kh8 25. Nc3 Qd7 26. Rxd6 cxd6 27. Qd5 Nc7 28. Qxd6 Qf7 29. Bxa7 Ra8 30. Qd7 1-0

[Event "EU-ch U16 rapid"]
[Site "Terme Catez"]
[Date "2023.09.29"]
[Round "7"]
[White "Fishchuk, Vladyslav"]
[Black "Grgantov, Marin"]
[Result "1-0"]
[WhiteElo "2161"]
[BlackElo "2100"]
[PlyCount "81"]
[EventDate "2023.09.28"]
[EventType "swiss (rapid)"]
[EventRounds "9"]
[EventCountry "SLO"]
[SourceTitle "EXT 2024"]
[Source "ChessBase"]
[SourceDate "2023.10.10"]
[SourceVersion "1"]
[SourceVersionDate "2023.10.10"]
[SourceQuality "1"]

1. d4 Nf6 2. c4 e6 3. Nf3 d5 4. g3 dxc4 5. Bg2 Nc6 6. Qa4 Bb4+ 7. Bd2 Nd5 8. Qc2 b5 9. a4 Bxd2+ 10. Nbxd2 Ncb4 11. Qc1 c6 12. 0-0 0-0 13. b3 cxb3 14. Nxb3 Qd6 15. Qb2 bxa4 16. Rxa4 Ba6 17. Rfa1 Bb5 18. Ra5 a6 19. Nc5 Rab8 20. Qd2 f5 21. e3 Rfd8 22. Rb1 h6 23. h4 Re8 24. Rxb4 Nxb4 25. Qxb4 Be2 26. Qe1 Bxf3 27. Bxf3 e5 28. Rxa6 exd4 29. Rxc6 Qe7 30. Bd5+ Kh8 31. e4 Rbc8 32. Rxc8 Rxc8 33. Nd3 Rd8 34. Nf4 Kh7 35. h5 Re8 36. Be6 Rb8 37. Bxf5+ Kg8 38. Qa1 Qb4 39. Qa2+ Kf8 40. Ng6+ Ke8 41. Qe6+ 1-0